| 000 | 01180nam a2200289Ia 4500 | ||
|---|---|---|---|
| 999 |
_c5359 _d5359 |
||
| 003 | OSt | ||
| 005 | 20200610182804.0 | ||
| 008 | 191128t2003 mx ad fr 001 0 spa d | ||
| 020 | _a9789701039717 | ||
| 040 |
_aCO-JMCR _cCO-JMCR |
||
| 041 | 1 |
_aspa _heng |
|
| 082 | 0 | 4 |
_a330.015195 / _bG841e1 _223 |
| 100 | 1 |
_aGujarati, Damodar N., _eautor _95429 |
|
| 245 | 0 |
_aEconometría / _cDamodar N. Gujarati ; traducción, Demetrio Garmendia Guerrero y Gladys Arango Medina |
|
| 250 | _aCuarta edición | ||
| 260 |
_aMéxico : _bMcGraw-Hill, _c©2003 |
||
| 300 |
_axxxiii, 972 páginas : _bilustraciones y gráficos a blanco y negro ; _c25 cm. |
||
| 500 | _aIncluye índice de autores. | ||
| 504 | _aBibliografía: páginas 951-954 | ||
| 505 | 0 | _aModelos de regresión uniecuacionales -- Violación de los supuestos del modelo clásico -- Temas de econometría -- Modelos de ecuaciones simultáneas -- Econometría de series de tiempo | |
| 534 | _pBasic econometrics | ||
| 546 | _aTradución del inglés | ||
| 650 | 1 | 4 |
_aEconometría _95431 |
| 700 | 1 |
_aGuerrero, Garmendia, Demetrio, _etraductor _95432 |
|
| 700 | 1 |
_aArango Medina, Gladys, _etraductora _95433 |
|
| 942 |
_2ddc _cBK |
||